| 000 | 00466nam a2200193Ia 4500 | ||
|---|---|---|---|
| 008 | 170918s9999 xx 000 0 und d | ||
| 020 | _a590226509 | ||
| 050 | _bS718 1993 | ||
| 100 | _aSoto, Gary | ||
| 245 | _aToo many tamales / | ||
| 245 | _cby Gary Soto ; illustrated by Ed Martinez. | ||
| 260 | _aNew York : | ||
| 260 | _bScholastic, | ||
| 260 | _c1993 | ||
| 300 | _aunpaged : | ||
| 300 | _bcolored illustration ; | ||
| 300 | _c28cm. | ||
| 500 | _a670 | ||
| 999 |
_c341783 _d341783 |
||